15 Smallest European Countries By Size (Area) - Statistics

General Stats
  • This quiz has been taken 79 times
  • The average score is 12 of 15
Answer Stats
Rank Area (km²) Countries % Correct
1 0.44 Vatican
100%
2 1.95 Monaco
99%
4 160 Liechtenstein
97%
3 61 San Marino
97%
6 468 Andorra
88%
5 316 Malta
88%
7 2,586 Luxembourg
84%
8 10,887 Kosovo
80%
9 13,812 Montenegro
78%
10 20,273 Slovenia
75%
11 25,713 North Macedonia
68%
14 33,846 Moldova
65%
12 28,748 Albania
62%
13 30,510 Belgium
62%
15 41,198 Netherlands
55%
No matching quizzes found
Score Distribution
Percent of People with Each Score
Percentile by Number Answered
Your Score History
You have not taken this quiz